<?xml version="1.0" encoding="UTF-8"?>
<collection xmlns="http://www.loc.gov/MARC21/slim">
 <record>
  <leader>00372pamaa2200145   4500</leader>
  <controlfield tag="001">0000019253</controlfield>
  <controlfield tag="005">20131030090000.0</controlfield>
  <datafield tag="020" ind1="0" ind2="0">
   <subfield code="a">070994408X </subfield>
  </datafield>
  <datafield tag="082" ind1=" " ind2=" ">
   <subfield code="a">192 PHI</subfield>
  </datafield>
  <datafield tag="090" ind1="0" ind2="0">
   <subfield code="a">B1614 </subfield>
   <subfield code="b">PHI 1986</subfield>
  </datafield>
  <datafield tag="245" ind1="0" ind2="0">
   <subfield code="a">PHILOSOPHY in Britain today  </subfield>
   <subfield code="c">edited by S.G. Shanker.</subfield>
  </datafield>
  <datafield tag="260" ind1="0" ind2="0">
   <subfield code="a">London: </subfield>
   <subfield code="b">Croom Helm, </subfield>
   <subfield code="c">1986.</subfield>
  </datafield>
  <datafield tag="300" ind1=" " ind2=" ">
   <subfield code="a">315p.: </subfield>
   <subfield code="b">23cm.</subfield>
  </datafield>
  <datafield tag="650" ind1="0" ind2="0">
   <subfield code="a">Philosophy </subfield>
  </datafield>
  <datafield tag="700" ind1="1" ind2="1">
   <subfield code="a">Shanker, </subfield>
   <subfield code="h">S.G. </subfield>
  </datafield>
 </record>
</collection>
